Luz do oriente (Registo nº 3813)
[ vista simples ]
| 000 -Etiqueta do registo | |
|---|---|
| Cabeçalho | 00755nam0a2200253 4500 |
| 005 - Identificador da versão | |
| Campo de controlo | 20240813122044.0 |
| 095 ## - | |
| -- | PTBN00108531 |
| 021 ## - Número do Depósito Legal | |
| Código do país | PT |
| Número | 9173/85 |
| 100 ## - Dados gerais de processamento | |
| Dados gerais de processamento | 20170504d1986 cd y0pory5003 ba |
| 102 ## - Pais de publicação ou produção | |
| País de publicação | Portugal |
| 101 0# - Língua de publicação | |
| Língua do texto, banda sonora, etc. | Português |
| 215 ## - Descrição física | |
| Indicação específica da natureza do documento e extensão da espécie | 40 p. |
| Outras indicações físicas | todo il |
| 200 1# - Titulo e menção de responsabilidade | |
| Título próprio | Luz do oriente |
| Primeira menção de responsabilidade | texto de Jorge Magalhães |
| Outras menções de responsabilidade | desenhos de Augusto Trigo |
| 225 1# - Colecção | |
| Título próprio da colecção | Antologia da banda desenhada portuguesa |
| Indicação de volume | 16 |
| 210 ## - Publicação, Distribuição, etc. | |
| Lugar da edição, distribuição, etc. | Lisboa |
| Nome do editor, distribuidor, etc. | Futura |
| Data da publicação, distribuição, etc. | cop. 1986 |
| 606 ## - Nome comum usado como assunto | |
| Número de registo de entrada de autoridade | 0001779 |
| Palavra de ordem | Literatura portuguesa |
| Subdivisão de assunto | Banda desenhada |
| Código do sistema | CA |
| 675 ## - Classificação Decimal Universal (CDU) | |
| Notação | 821.134.3(084.11) |
| Edição | 3ª ed. |
| Língua da edição | por |
| 702 #1 - Nome de autor-pessoa física (responsabilidade secundária) | |
| Número de registo de entrada de autoridade | 0000242 |
| Palavra de ordem | Trigo |
| Outra parte do nome não tomada para palavra de ordem | Augusto |
| Código de função | Ilustrador / Técnico de desenho computorizado |
| 700 #1 - Nome de autor-pessoa física (responsabilidade principal) | |
| Número de registo de entrada de autoridade | 0000062 |
| Palavra de ordem | Magalhães |
| Outra parte do nome não tomada para palavra de ordem | Jorge |
| 966 ## - Identificação da Biblioteca | |
| Sigla | EBVEN |
| 942 ## - Elementos de entrada adicionados (Koha) | |
| Tipo de item no Koha | Livro |
| Situação do levantamento | Origin of item (home branch) (coded) | Biblioteca de empréstimo | Código de barras | Cota | Circulation type (not for loan) | Tipo de documento | Nota do exemplar | Damaged status |
|---|---|---|---|---|---|---|---|---|
| Biblioteca Escolar das Vendas | Biblioteca Escolar das Vendas | BEV569 | 8BD MAG | Livro | Sem mensagem |
